000 00685nam a2200289Ia 4500
005 20260324124921.0
008 008 260324s9999 xx 000 0 eng d
020 _a9780203874363
037 _aEBOOK
040 _aCRL
040 _beng
040 _cCRL
041 _2eng
041 _aeng
084 _qCRL
100 _aRuth Barraclough; Elyssa Faison
_91176001
245 0 _aGender and Labour in Korea and Japan
245 0 _bSexing Class
260 _bTaylor and Francis
260 _c2009
365 _a
365 _b240
856 _uhttp://www.taylorfrancis.com/books/9780203874363
942 _cEBOOK
999 _c1770801
_d1770801